Introduction to Operation Research (Record no. 27132)
[ view plain ]
| 000 -LEADER | |
|---|---|
| fixed length control field | 00332nam a2200145Ia 4500 |
| 082 ## - DEWEY DECIMAL CLASSIFICATION NUMBER | |
| Classification number | 658.4034 |
| Item number | HAV |
| 100 ## - MAIN ENTRY--PERSONAL NAME | |
| Personal name | Havinal/Veerabhadrappa |
| 245 ## - TITLE STATEMENT | |
| Title | Introduction to Operation Research |
| 260 ## - PUBLICATION, DISTRIBUTION, ETC. | |
| Name of publisher, distributor, etc. | New Age Int (P) Ltd |
| Date of publication, distribution, etc. | 2012 |
| 366 ## - TRADE AVAILABILITY INFORMATION | |
| Publishers's discount category | 23 |
| 300 ## - PHYSICAL DESCRIPTION | |
| Extent | 329 |
| 546 ## - LANGUAGE NOTE | |
| Language note | ENGLISH |
| -- | Info.Tech |
| 942 ## - ADDED ENTRY ELEMENTS (KOHA) | |
| Koha item type | BOOK |
| Withdrawn status | Lost status | Damaged status | Not for loan | Collection | Home library | Current library | Date acquired | Source of acquisition | Cost, normal purchase price | Inventory number | Total Checkouts | Full call number | Barcode | Date last seen | Date last checked out | Cost, replacement price | Price effective from | Koha item type |
|---|---|---|---|---|---|---|---|---|---|---|---|---|---|---|---|---|---|---|
| CRC | Fr. Agnel's C.Rodrigues College of Engineering | Fr. Agnel's C.Rodrigues College of Engineering | 17/03/2023 | Book Base | 192.50 | 12535 dt 14.10.2013 | 1 | 658.4034 HAV | 22984 | 08/06/2026 | 09/12/2025 | 250.00 | BOOK |